Statistiques concernant Les régimes politiques français.

Cliquez ici pour prendre le quiz!

Statistiques générales

  • Ce quiz a été pris 2 807 fois
    (2 514 depuis la dernière actualisation)
  • Le résultat moyen est 10 sur 14

Statistiques - réponses

DatesRégime% Correct
481-1792Monarchie
93%
1792-18041ere République
84%
1870-19403e République
84%
1958-...5e République
84%
1947-19584e République
83%
1848-18522e République
81%
1804-18141er Empire
75%
18151er Empire
75%
1940-1944Etat français
74%
1852-18702nd Empire
73%
1814-1815Restauration
53%
1815-1830Restauration
53%
1830-1848Monarchie de juillet
51%
1944-1947Gouvernement provisoire
36%

Distribution des résultats

Percentile par nombre de réponses

% des personnes avec chaque résultat

Votre développement - résultats

Vous n’avez pas pris ce quiz depuis la dernière actualisation